Culture Générale - Série 2692 - Statistiques

Statistiques générales
  • Ce quiz a été pris 74 fois
  • Le résultat moyen est 6 sur 10
Statistiques - réponses
Question Réponse % Correct
Dans quel état des Etats Unis se trouve la ville de Malibu ? Californie
82%
De quel pays le fromage appelé "mimolette" est-il originaire ? France
76%
Dans quel pays se situe "la baie d'Along" ? Vietnam
76%
Quel est le pays d'origine de la chanteuse Kylie Minogue ? Australie
75%
Quel est le participe présent du verbe savoir ? sachant
75%
Quel philosophe a écrit "Le banquet" ? Platon
58%
Qui est l'auteur de "la critique de la raison pure" ? Kant
52%
Dans le jeu du cluedo classique, quel est le nom du Professeur ? Violet
48%
Dans le roman "Les oiseaux se cachent pour mourir" de Colleen McCullough, paru en 1977, quel est le prénom du Père "de Bricassart" ? Ralph
6%
Qui est le réalisateur du "Pont de la rivière Kwaï" sorti en 1957 ? prénom et nom David Lean
3%
Aucun quiz correspondant
Distribution des résultats
% des personnes avec chaque résultat
Percentile par nombre de réponses
Votre historique - résultats
Vous n’avez pas pris ce quiz